00484 2200193 4500001002100000005001500021035002000036008004100056245006800097100001600165250000600181260003100187300001200218084001400230082000800244650001400252990001200266990001200278INLIS00000000000008220240502103416 a0010-0424000058240502 0 ind 1 aBuku Guru Sejarah XII Peminatan ( Edisi Revisi ) /cAbdurakhman aAbdurakhman a1 aJakarta :bGramedia,c2018 a248 hlm a900 ABD s a900 4aNon Fiksi a0735678 a0735679